Einführung in die Mathematik für Ökonomen

Saved in:
Bibliographic Details
Main Author: Kaerlein, Gerd
Other Authors: Ringwald, Karl
Format: Book
Language:German
Published: Berlin Springer 1987
Edition:1. Aufl.
Tags: Add Tag
No Tags, Be the first to tag this record!

MARC

LEADER 00000nam a2200000 4500
001 c039594
005 20221206140044.3
041 0 |a ger 
044 |a DE 
245 1 0 |a Einführung in die Mathematik für Ökonomen  |c Gerd Kaerlein, Karl Ringwald 
250 |a 1. Aufl. 
264 1 |a Berlin  |b Springer  |c 1987 
300 |a 365 s. 
100 1 |a Kaerlein, Gerd 
700 1 |a Ringwald, Karl